书目信息 |
| 题名: |
债券市场发展与金融稳定研究
|
|
| 作者: | 安国俊 著 | |
| 分册: | ||
| 出版信息: | 北京 经济科学出版社 2013 |
|
| 页数: | 267页 | |
| 开本: | 24cm | |
| 丛书名: | ||
| 单 册: | ||
| 中图分类: | F832.5 | |
| 科图分类: | ||
| 主题词: | 债券市场--协调发展--影响--金融市场--研究--中国 , 债券市场 , 协调发展 , 金融市场 | |
| 电子资源: | ||
| ISBN: | 978-7-5141-3890-0 | |
| 000 | 01400nam0 2200289 450 | |
| 001 | 523 | |
| 005 | 20140909165127.62 | |
| 010 | @a978-7-5141-3890-0@dCNY59.00 | |
| 100 | @a20140117d2013 em y0chiy50 ea | |
| 101 | 0 | @achi@deng |
| 102 | @aCN@b110000 | |
| 105 | @ay z 000yy | |
| 106 | @ar | |
| 200 | 1 | @a债券市场发展与金融稳定研究@AZhai Quan Shi Chang Fa Zhan Yu Jin Rong Wen Ding Yan Jiu@e全球金融危机启示录@EQuan Qiu Jin Rong Wei Ji Qi Shi Lu@dResearch on bond market and financial stability@eenlightenment of the global financial crisis@f安国俊著@FAn Guo Jun Zhu@zeng |
| 210 | @a北京@c经济科学出版社@d2013 | |
| 215 | @a267页@d24cm | |
| 330 | @a本书基于对全球金融危机反思的视角,对债券市场协调发展与金融稳定的不同层面进行了分析,从资产负债表与财政金融稳定的连锁关系角度探讨了政府债务的最佳组合和风险预警方案。借鉴国际经验,从债券市场推进利率市场化进程、发展地方政府债券市场、中小企业融资等方面对金融支持实体经济发展提出相关建议。 | |
| 510 | 1 | @aResearch on bond market and financial stability@eenlightenment of the global financial crisis@zeng |
| 517 | 1 | @a全球金融危机启示录@AQuan Qiu Jin Rong Wei Ji Qi Shi Lu |
| 606 | 0 | @a债券市场@x协调发展@x影响@x金融市场@x研究@y中国 |
| 606 | 0 | @a债券市场 |
| 606 | 0 | @a协调发展 |
| 606 | 0 | @a金融市场 |
| 690 | @aF832.5@v5 | |
| 701 | 0 | @a安国俊@AAn Guo Jun@c(女)@4著 |
| 801 | 0 | @aCN@bTANGWEI@c20140603 |
| 905 | @b0840710-12@dF832.5@e111@f3 | |
| 债券市场发展与金融稳定研究:全球金融危机启示录=Research on bond market and financial stability:enlightenment of the global financial crisis/安国俊著.-北京:经济科学出版社,2013 |
| 267页;24cm |
| ISBN 978-7-5141-3890-0:CNY59.00 |
| 本书基于对全球金融危机反思的视角,对债券市场协调发展与金融稳定的不同层面进行了分析,从资产负债表与财政金融稳定的连锁关系角度探讨了政府债务的最佳组合和风险预警方案。借鉴国际经验,从债券市场推进利率市场化进程、发展地方政府债券市场、中小企业融资等方面对金融支持实体经济发展提出相关建议。 |
| ● |
| 相关链接 |
|
|
|
|
正题名:债券市场发展与金融稳定研究
索取号:F832.5/111
 
预约/预借
| 序号 | 登录号 | 条形码 | 馆藏地/架位号 | 状态 | 备注 |
| 1 | 0840710 | 208407106 | 第一样本阅览室/ [索取号:F832.5/111] | 在馆 | |
| 2 | 0840711 | 208407115 | 密集书库-海洋学院/ [索取号:F832.5/111] | 在馆 | |
| 3 | 0840712 | 208407124 | 第一借阅区/ [索取号:F832.5/111] | 在馆 |